Statistiques concernant Césars : acteurs multi-nommés

Cliquez ici pour prendre le quiz!

Statistiques générales

  • Ce quiz a été pris 661 fois
  • Le résultat moyen est 35 sur 69

Statistiques - réponses

Nombre de nominationsActeurCatégories% Correct
16Gérard Depardieu16x Meilleur acteur
97%
4Guillaume Depardieu1x Meilleur acteur, 3x Espoir masculin
93%
12Daniel Auteuil12x Meilleur acteur
83%
3Alain Delon3x Meilleur acteur
82%
8Michel Blanc4x Meilleur acteur, 1x Meilleur acteur dans un second rôle, 2x Meilleur scénario, 1x Première oeuvre
82%
4Gérard Jugnot3x Meilleur acteur, 1x Meilleur acteur dans un second rôle
81%
6Jean Rochefort4x Meilleur acteur, 2x Meilleur acteur dans un second rôle
79%
5Philippe Noiret5x Meilleur acteur
78%
10François Cluzet5x Meilleur acteur, 4x Meilleur acteur dans un second rôle, 1x Espoir masculin
75%
5Guillaume Canet1x Meilleur acteur, 1x Espoir masculin, 1x Meilleur réalisateur, 1x Première oeuvre, 1x Meilleure adaptation
75%
8Michel Serrault7x Meilleur acteur, 1x Meilleur acteur dans un second rôle
73%
4Vincent Cassel3x Meilleur acteur, 1x Espoir masculin
73%
3Jean Réno2x Meilleur acteur, 1x Meilleur acteur dans un second rôle
72%
11Jean-Pierre Bacri4x Meilleur acteur, 2x Meilleur acteur dans un second rôle, 5x Meilleur scénario
71%
5Claude Rich1x Meilleur acteur, 4x Meilleur acteur dans un second rôle
67%
4Gérard Lanvin2x Meilleur acteur, 2x Meilleur acteur dans un second rôle
66%
5Alain Chabat3x Meilleur acteur, 1x Meilleur acteur dans un second rôle, 1x Première oeuvre
64%
3Jacques Villeret1x Meilleur acteur, 2x Meilleur acteur dans un second rôle
64%
7Jean-Pierre Marielle3x Meilleur acteur, 4x Meilleur acteur dans un second rôle
64%
3Pierre Niney1x Meilleur acteur, 2x Espoir masculin
64%
9Fabrice Luchini4x Meilleur acteur, 5x Meilleur acteur dans un second rôle
63%
3Michel Galabru1x Meilleur acteur, 2x Meilleur acteur dans un second rôle
60%
6Patrick Dewaere5x Meilleur acteur, 1x Meilleur acteur dans un second rôle
60%
5Vincent Lindon5x Meilleur acteur
60%
3Mathieu Kassovitz1x Meilleur acteur, 2x Espoir masculin
57%
5Jean-Louis Trintignant3x Meilleur acteur, 2x Meilleur acteur dans un second rôle
56%
6Lambert Wilson3x Meilleur acteur, 3x Meilleur acteur dans un second rôle
56%
5Claude Brasseur3x Meilleur acteur, 2x Meilleur acteur dans un second rôle
55%
6Mathieu Amalric3x Meilleur acteur, 1x Espoir masculin, 1x Meilleur réalisateur, 1x Meilleure adaptation
55%
4Gaspard Ulliel1x Meilleur acteur, 3x Espoir masculin
51%
5Romain Duris3x Meilleur acteur, 2x Espoir masculin
51%
7Albert Dupontel3x Meilleur acteur, 1x Meilleur acteur dans un second rôle, 1x Meilleur réalisateur, 1x Première oeuvre, 1x Meilleur scénario
50%
6Jean Carmet2x Meilleur acteur, 4x Meilleur acteur dans un second rôle
50%
3Michel Bouqet3x Meilleur acteur
50%
8André Dussollier3x Meilleur acteur, 5x Meilleur acteur dans un second rôle
49%
5Jean-Pierre Darroussin2x Meilleur acteur, 3x Meilleur acteur dans un second rôle
49%
3Benoît Poelvoorde2x Meilleur acteur, 1x Meilleur acteur dans un second rôle
48%
4Michel Piccoli4x Meilleur acteur
48%
7Jean-Hugues Anglade2x Meilleur acteur, 4x Meilleur acteur dans un second rôle, 1x Espoir masculin
47%
3François Berléand1x Meilleur acteur, 2x Meilleur acteur dans un second rôle
46%
4Bernard Giraudeau1x Meilleur acteur, 3x Meilleur acteur dans un second rôle
45%
5Charles Berling4x Meilleur acteur, 1x Espoir masculin
45%
3Jacques Gamblin2x Meilleur acteur, 1x Meilleur acteur dans un second rôle
44%
5Philippe Torreton4x Meilleur acteur, 1x Espoir masculin
43%
3Patrick Timsit2x Meilleur acteur, 1x Meilleur acteur dans un second rôle
42%
4Jacques Dutronc2x Meilleur acteur, 2x Meilleur acteur dans un second rôle
41%
5Niels Arestrup1x Meilleur acteur, 4x Meilleur acteur dans un second rôle
40%
3Roschdy Zem3x Meilleur acteur dans un second rôle
40%
3Denis Podalydès1x Meilleur acteur, 1x Meilleur acteur dans un second rôle, 1x Meilleur scénario
39%
4Yvan Attal1x Meilleur acteur, 1x Meilleur acteur dans un second rôle, 1x Espoir masculin, 1x Première oeuvre
38%
3François Damiens1x Meilleur acteur, 2x Meilleur acteur dans un second rôle
37%
3Hippolyte Girardot2x Meilleur acteur, 1x Espoir masculin
35%
3Jérémie Rénier1x Meilleur acteur, 1x Meilleur acteur dans un second rôle, 1x Espoir masculin
35%
3Christophe Malavoy2x Meilleur acteur, 1x Espoir masculin
33%
3Clovis Cornillac2x Meilleur acteur dans un second rôle, 1x Espoir masculin
32%
3Vincent Pérez2x Meilleur acteur dans un second rôle, 1x Espoir masculin
30%
3Pascal Gréggory2x Meilleur acteur, 1x Meilleur acteur dans un second rôle
29%
5Guy Marchand5x Meilleur acteur dans un second rôle
27%
3Michael Lonsdale3x Meilleur acteur dans un second rôle
25%
3Jacques Dufilho3x Meilleur acteur dans un second rôle
24%
3Patrick Chesnais1x Meilleur acteur, 2x Meilleur acteur dans un second rôle
24%
3Jean Bouise3x Meilleur acteur dans un second rôle
23%
3Bernard Le Coq3x Meilleur acteur dans un second rôle
21%
10Lucas Belvaux1x Espoir masculin, 4x Meilleur réalisateur, 3x Meilleur scénario, 2x Meilleure adaptation
21%
3Michel Aumont3x Meilleur acteur dans un second rôle
20%
4Malik Zidi4x Espoir masculin
19%
4Grégoire Leprince-Ringuet4x Espoir masculin
18%
6Xavier Beauvois1x Espoir masculin, 2x Meilleur réalisateur, 2x Meilleur scénario, 1x Première oeuvre
18%
3Thomas Langmann1x Meilleur acteur dans un second rôle, 2x Espoir masculin
14%

Distribution des résultats

Percentile par nombre de réponses

% des personnes avec chaque résultat

Votre développement - résultats

Vous n’avez pas pris ce quiz